书目信息 |
| 题名: |
现代信息管理机制研究
|
|
| 作者: | 胡昌平 著 | |
| 分册: | ||
| 出版信息: | 武汉 武汉大学出版社 2004.07 |
|
| 页数: | 644页, [1] 叶图版 | |
| 开本: | 21cm | |
| 丛书名: | 武汉大学学术丛书 | |
| 单 册: | ||
| 中图分类: | G203 | |
| 科图分类: | ||
| 主题词: | 信息管理--xin xi guan li--研究 | |
| 电子资源: | ||
| ISBN: | 7-307-04167-7 | |
| 000 | 01046nam 2200253 45 | |
| 001 | 0104101209 | |
| 005 | 20051027093849.49 | |
| 010 | @a7-307-04167-7@b精装@dCNY36.00 | |
| 100 | @a20041012d2004 km y0chiy0120 ea | |
| 101 | 0 | @achi |
| 102 | @aCN@b420000 | |
| 105 | @aafc a 000yy | |
| 200 | 1 | @a现代信息管理机制研究@AXian Dai Xin Xi Guan Li Ji Zhi Yan Jiu@f胡昌平著@Fhu chang ping zhu |
| 210 | @a武汉@c武汉大学出版社@d2004.07 | |
| 215 | @a644页, [1] 叶图版@c图, 肖像@d21cm | |
| 225 | 2 | @a武汉大学学术丛书@Awu han da xue xue shu cong shu |
| 320 | @a有书目 (第637-644页)。 | |
| 330 | @a本书立足于现代社会发展和数字化、网络化技术环境研究现代信息管理机制问题,包括现代信息管理体制、体系,信息需求推动下的信息组织机制、信息技术推进机制、信息交流与传播机制、信息网络管理机制,以及信息服务业务拓展机制和国家信息政策与法律保障机制等内容。 | |
| 410 | 0 | @12001 @a武汉大学学术丛书 |
| 606 | 0 | @a信息管理@Axin xi guan li@x研究 |
| 690 | @aG203@v4 | |
| 701 | 0 | @a胡昌平@Ahu chang ping@4著 |
| 801 | 0 | @aCN@bQSSK@c20051027 |
| 905 | @a10447@dG203@eH454 | |
| 现代信息管理机制研究/胡昌平著.-武汉:武汉大学出版社,2004.07 |
| 644页, [1] 叶图版:图, 肖像;21cm.-(武汉大学学术丛书) |
| ISBN 7-307-04167-7(精装):CNY36.00 |
| 本书立足于现代社会发展和数字化、网络化技术环境研究现代信息管理机制问题,包括现代信息管理体制、体系,信息需求推动下的信息组织机制、信息技术推进机制、信息交流与传播机制、信息网络管理机制,以及信息服务业务拓展机制和国家信息政策与法律保障机制等内容。 |
| ● |
| 相关链接 |
|
|
|
正题名:现代信息管理机制研究
索取号:G203/H454
 
预约/预借
| 序号 | 登录号 | 条形码 | 馆藏地/架位号 | 状态 | 备注 |
| 1 | 575789 | 205757894 | 社科库409/409社科库 57排1列4层/ [索取号:G203/H454] | 在馆 |